[Event "Titled Tue 17th Jun Late"]
[Site "chess.com INT"]
[Date "2025.06.17"]
[Round "1"]
[White "Bratovic, Blaz"]
[Black "Holt, Conrad"]
[Result "0-1"]
[WhiteTitle "IM"]
[BlackTitle "GM"]
[WhiteElo "2319"]
[BlackElo "2540"]
[WhiteFideId "14603551"]
[BlackFideId "2034387"]
[EventDate "2025.06.17"]

1. e4 e6 2. d4 d5 3. e5 c5 4. c3 Nc6 5. Nf3 Qb6 6. Bd3 cxd4 7. O-O Bd7 8. Re1
Rc8 9. a3 Nge7 10. h4 Nf5 11. Bxf5 exf5 12. Nxd4 Nxd4 13. cxd4 Be7 14. h5 Rc4
15. Be3 f4 16. Bxf4 Rxd4 17. Bd2 Qxb2 18. e6 fxe6 19. h6 O-O 20. hxg7 Rf7 21.
Qc1 Qxc1 22. Rxc1 Rxg7 23. Rc7 Bd6 24. Rxb7 Rdg4 25. g3 d4 26. a4 Bc6 27. Rxg7+
Rxg7 28. Na3 e5 29. Nc4 Bc7 30. Ba5 Bxa5 31. Nxa5 Bd5 32. Rc1 d3 33. Rc5 Rd7 0-1

[Event "Titled Tue 17th Jun Late"]
[Site "chess.com INT"]
[Date "2025.06.17"]
[Round "1"]
[White "Molinaroli, Martin"]
[Black "Ternault, Mathieu"]
[Result "0-1"]
[WhiteTitle "FM"]
[BlackTitle "FM"]
[WhiteElo "2157"]
[BlackElo "2275"]
[WhiteFideId "4606604"]
[BlackFideId "20641532"]
[EventDate "2025.06.17"]

1. b3 a5 2. Bb2 a4 3. bxa4 Nf6 4. e3 d5 5. c4 e6 6. Nc3 Nbd7 7. Nf3 Be7 8. d4 c6
9. Bd3 O-O 10. O-O Nb6 11. c5 Nc4 12. Bxc4 dxc4 13. Qe2 Nd5 14. Qxc4 Qa5 15. e4
Nxc3 16. Bxc3 Qxa4 17. Qe2 f6 18. h4 Bd7 19. h5 Ra7 20. Rfe1 Rfa8 21. d5 e5 22.
d6 Bf8 23. h6 g6 24. Rab1 Be6 25. Rb2 Rd8 26. Reb1 Rd7 27. Bxe5 fxe5 28. Nxe5
Rd8 29. Ng4 Qd4 30. Rxb7 Rxb7 31. Rxb7 Rd7 32. Rb8 Rf7 33. e5 Bxg4 0-1

[Event "Titled Tue 17th Jun Late"]
[Site "chess.com INT"]
[Date "2025.06.17"]
[Round "1"]
[White "Bogaudinov, Rushan"]
[Black "Bluebaum, Matthias"]
[Result "0-1"]
[WhiteTitle "FM"]
[BlackTitle "GM"]
[WhiteElo "1912"]
[BlackElo "2663"]
[WhiteFideId "4129288"]
[BlackFideId "24651516"]
[EventDate "2025.06.17"]

1. e4 e6 2. Nf3 d5 3. e5 c5 4. b4 b6 5. b5 a6 6. c4 dxc4 7. Bxc4 axb5 8. Bxb5+
Bd7 9. Be2 Ne7 10. Nc3 Nf5 11. O-O Be7 12. d4 cxd4 13. Nxd4 Nxd4 14. Qxd4 O-O
15. Qg4 f5 16. exf6 Bxf6 17. Bb2 Nc6 18. Rfd1 Qe7 19. a4 Qf7 20. Qg3 Be5 21. Qh4
Rad8 22. Rab1 Bf6 23. Qg3 Nd4 24. Bc4 Bc6 25. Re1 Kh8 26. h4 Nf5 27. Qh3 Bxh4
28. Bxe6 Qg6 29. Bxf5 Rxf5 30. g3 Bf6 31. Ne2 Rh5 32. Qxh5 Qxh5 0-1

[Event "Titled Tue 17th Jun Late"]
[Site "chess.com INT"]
[Date "2025.06.17"]
[Round "1"]
[White "Suleymanli, Aydin"]
[Black "Shafer, Logan C"]
[Result "1-0"]
[WhiteTitle "GM"]
[BlackTitle "CM"]
[WhiteElo "2608"]
[BlackElo "2217"]
[WhiteFideId "13413937"]
[BlackFideId "30993342"]
[EventDate "2025.06.17"]

1. e4 e5 2. Nc3 Nf6 3. g3 Bc5 4. Bg2 c6 5. Nf3 O-O 6. O-O d6 7. h3 Nbd7 8. d4
exd4 9. Nxd4 Re8 10. Bf4 Ne5 11. a3 Ng6 12. Be3 Ne5 13. b3 d5 14. Nxc6 Nxc6 15.
Bxc5 d4 16. Na4 Nxe4 17. Re1 Ng5 18. Rxe8+ Qxe8 19. Qh5 Ne6 20. Re1 g6 21. Qd1
Qd7 22. b4 Rb8 23. b5 Nxc5 24. Nxc5 Qd6 25. Ne4 Qxa3 26. bxc6 bxc6 27. Qxd4 Qb4
28. Nf6+ Kg7 29. Ne8+ Kh6 30. Qg7+ Kg5 31. Re5+ Bf5 32. f4+ Kh5 33. Nf6# 1-0

[Event "Titled Tue 17th Jun Late"]
[Site "chess.com INT"]
[Date "2025.06.17"]
[Round "1"]
[White "Alothman , Ali Layth Ahmed"]
[Black "Bazan Romero, Octavio Aaron"]
[Result "0-1"]
[WhiteTitle "FM"]
[BlackTitle "FM"]
[WhiteElo "2179"]
[BlackElo "2289"]
[WhiteFideId "4801920"]
[BlackFideId "20003943"]
[EventDate "2025.06.17"]

1. Nf3 d5 2. g3 Nc6 3. d4 Bf5 4. Bg2 Qd7 5. h3 h5 6. O-O Bxh3 7. c4 Bxg2 8. Kxg2
h4 9. Rh1 h3+ 10. Kf1 Nf6 11. Ne5 Qf5 12. Nxc6 bxc6 13. cxd5 Qxd5 14. f3 Rd8 15.
Be3 Ng4 16. Bf4 e5 17. Nc3 Qe6 18. fxg4 exf4 19. gxf4 Qxg4 20. Ke1 Qg3+ 21. Kf1
Qg2+ 0-1

[Event "Titled Tue 17th Jun Late"]
[Site "chess.com INT"]
[Date "2025.06.17"]
[Round "1"]
[White "Ferraz, Michel Liah"]
[Black "Zilberstein, Dmitry"]
[Result "0-1"]
[BlackTitle "IM"]
[WhiteElo "2007"]
[BlackElo "2358"]
[WhiteFideId "22743219"]
[BlackFideId "2010739"]
[EventDate "2025.06.17"]

1. d4 d6 2. c4 e5 3. e3 Nf6 4. Nc3 Nc6 5. a3 g6 6. Nf3 Bg7 7. dxe5 Nxe5 8. Be2
O-O 9. O-O Be6 10. Nxe5 dxe5 11. b4 c6 12. Bb2 Qe7 13. c5 Rfd8 14. Qc2 h5 15.
Rad1 h4 16. h3 g5 17. Rxd8+ Rxd8 18. Rd1 g4 19. hxg4 Nxg4 20. Ne4 f5 21. Nd6 Qg5
22. Bc4 Bxc4 23. Qxc4+ Kh7 24. Qf7 Rf8 25. Qe6 h3 26. Ne8 Nxf2 27. Kxf2 Qxg2+
28. Ke1 h2 0-1

[Event "Titled Tue 17th Jun Late"]
[Site "chess.com INT"]
[Date "2025.06.17"]
[Round "1"]
[White "Medina Paz, Miguel"]
[Black "Rojas Alarcon, Julian Antonio"]
[Result "0-1"]
[WhiteTitle "IM"]
[BlackTitle "FM"]
[WhiteElo "2368"]
[BlackElo "2365"]
[WhiteFideId "7300379"]
[BlackFideId "5107407"]
[EventDate "2025.06.17"]

1. d4 Nf6 2. c4 e6 3. Nf3 d5 4. Nc3 c6 5. Bg5 h6 6. Bh4 Be7 7. e3 Nbd7 8. Rc1
O-O 9. Bd3 b6 10. cxd5 exd5 11. Ne2 Bb7 12. O-O c5 13. b3 a6 14. Ne5 Nxe5 15.
dxe5 Ne4 16. Bxe7 Qxe7 17. f4 f6 18. Bxe4 dxe4 19. exf6 Rxf6 20. Ng3 Rd8 21. Qc2
Rd3 22. Rfd1 Rxe3 23. Re1 Rxe1+ 24. Rxe1 Rxf4 25. Qd2 Rf8 26. Qe2 Qe5 27. Rf1
Qd4+ 28. Kh1 e3 29. Rxf8+ Kxf8 30. Nf1 Bc6 31. Nxe3 Qa1+ 32. Qf1+ Qxf1+ 33. Nxf1
Ke7 34. Kg1 Ke6 35. Kf2 Ke5 36. Ke3 Bxg2 37. Nd2 Bd5 38. Nb1 g5 39. Nc3 Bc6 40.
Nb1 h5 41. Nd2 Bd5 42. Nf1 h4 43. Nd2 g4 44. Nf1 b5 45. Nd2 c4 46. b4 c3 0-1

[Event "Titled Tue 17th Jun Late"]
[Site "chess.com INT"]
[Date "2025.06.17"]
[Round "1"]
[White "Martinez Ramirez, Lennis"]
[Black "Swara Lakshmi S Nair"]
[Result "0-1"]
[WhiteTitle "IM"]
[BlackTitle "WCM"]
[WhiteElo "2442"]
[BlackElo "2187"]
[WhiteFideId "3509079"]
[BlackFideId "25629239"]
[EventDate "2025.06.17"]

1. Nf3 Nf6 2. g3 g6 3. Bg2 Bg7 4. c4 O-O 5. Nc3 d5 6. cxd5 Nxd5 7. O-O Nc6 8. a3
Bf5 9. Re1 Nxc3 10. bxc3 e5 11. Nh4 Be6 12. Rb1 Rb8 13. d3 Bd5 14. Nf3 e4 15.
Nd4 Nxd4 16. cxd4 exd3 17. e4 Bc4 18. d5 Re8 19. Bf1 Bc3 20. Bd2 Bd4 21. Be3
Rxe4 22. Bxd3 Bxd3 23. Qxd3 Qe7 24. Bd2 Rxe1+ 25. Rxe1 Qf6 26. Bf4 Bb6 27. Re2
Rd8 28. Be5 Qf5 29. Qd2 f6 30. Bb2 Rxd5 31. Re8+ Kf7 32. Qe2 Qxf2+ 33. Kh1 Qg1# 0-1

[Event "Titled Tue 17th Jun Late"]
[Site "chess.com INT"]
[Date "2025.06.17"]
[Round "1"]
[White "Kharitonov, Sergei"]
[Black "Cernov, Henrik"]
[Result "0-1"]
[WhiteTitle "CM"]
[BlackTitle "FM"]
[WhiteElo "2014"]
[BlackElo "2325"]
[WhiteFideId "4129750"]
[BlackFideId "16258312"]
[EventDate "2025.06.17"]

1. e4 c5 2. Nf3 e6 3. b3 a6 4. Bb2 Nc6 5. d4 cxd4 6. Nxd4 Qf6 7. c3 Bc5 8. Nf3
Nge7 9. Be2 Ng6 10. Qd2 Nf4 11. c4 e5 12. O-O d6 13. Bd1 Bh3 14. Ne1 Qg6 15. Bf3
Nd4 16. Bxd4 Bxd4 17. Nc3 Bg4 18. Bxg4 Qxg4 19. Rd1 Bxc3 20. Qxd6 Bd4 21. Kh1
Qxd1 22. g3 Qe2 23. Kg1 Nh3+ 24. Kg2 Ng5 25. h4 Qxe4+ 26. Kh2 Nf3+ 27. Nxf3 Qxf3 0-1

[Event "Titled Tue 17th Jun Late"]
[Site "chess.com INT"]
[Date "2025.06.17"]
[Round "1"]
[White "Norman, Kseniya"]
[Black "Wagner, Dennis"]
[Result "0-1"]
[WhiteTitle "WFM"]
[BlackTitle "GM"]
[WhiteElo "2069"]
[BlackElo "2619"]
[WhiteFideId "13518780"]
[BlackFideId "24650684"]
[EventDate "2025.06.17"]

1. e4 c6 2. d4 d5 3. e5 Bf5 4. Nf3 e6 5. Be2 Nd7 6. O-O a5 7. a4 f6 8. c4 fxe5
9. dxe5 Bc5 10. cxd5 cxd5 11. Nc3 Ne7 12. Nh4 O-O 13. Nxf5 Nxf5 14. Nxd5 Nxe5
15. Nf4 Qb6 16. Qc2 Bd4 17. Ra3 Rac8 18. Qe4 Nd6 19. Qb1 Rxc1 20. Qxc1 Bxb2 21.
Qb1 Rxf4 22. Rh3 g6 23. g3 Rf7 24. Kg2 Qc6+ 25. f3 Bd4 26. Rc1 Qd5 27. Qc2 Nxf3 0-1

[Event "Titled Tue 17th Jun Late"]
[Site "chess.com INT"]
[Date "2025.06.17"]
[Round "1"]
[White "Wieczorek, Zbigniew"]
[Black "Barp, Alberto"]
[Result "0-1"]
[WhiteTitle "FM"]
[BlackTitle "IM"]
[WhiteElo "2105"]
[BlackElo "2414"]
[WhiteFideId "1102001"]
[BlackFideId "872555"]
[EventDate "2025.06.17"]

1. Nf3 Nf6 2. g3 g6 3. c4 Bg7 4. Nc3 O-O 5. Bg2 d5 6. cxd5 Nxd5 7. O-O Nc6 8. e4
Ndb4 9. Ne1 Nd4 10. d3 c5 11. Be3 b6 12. a3 Nbc6 13. f4 Bb7 14. Rc1 Qd7 15. Kh1
Rad8 16. Bg1 Na5 17. b4 cxb4 18. axb4 Nac6 19. b5 Na5 20. Rb1 Rc8 21. Nd5 e6 22.
Ne3 Nxb5 23. Qa4 Bc6 24. Ng4 Nc3 25. Qc2 Nxb1 26. Qxb1 f6 0-1

[Event "Titled Tue 17th Jun Late"]
[Site "chess.com INT"]
[Date "2025.06.17"]
[Round "1"]
[White "Lopez Del Alamo, Antonio"]
[Black "Asish Panda"]
[Result "1-0"]
[WhiteTitle "FM"]
[WhiteElo "2166"]
[BlackElo "1911"]
[WhiteFideId "2227339"]
[BlackFideId "45012458"]
[EventDate "2025.06.17"]

1. e4 e6 2. d3 c5 3. Nf3 Nc6 4. g3 g6 5. Bg2 Bg7 6. O-O Nge7 7. c3 O-O 8. d4
cxd4 9. cxd4 d5 10. e5 Bd7 11. Nc3 Rc8 12. h4 h5 13. Bg5 Qb6 14. Qd2 Nf5 15.
Rfd1 Na5 16. b3 Rc7 17. Bh3 Rfc8 18. Rac1 Qb4 19. Bxf5 Rxc3 20. Bc2 Qb6 21. Bd3
Rxc1 22. Rxc1 Rxc1+ 23. Qxc1 Nc6 24. Qf4 Qa5 25. Bh6 Qxa2 26. Bxg7 Kxg7 27. Ng5
Be8 28. Bxg6 fxg6 29. Nxe6+ Kh7 30. Qf6 Qb1+ 31. Kh2 1-0

[Event "Titled Tue 17th Jun Late"]
[Site "chess.com INT"]
[Date "2025.06.17"]
[Round "1"]
[White "Tsydypov, Zhamsaran"]
[Black "Sahbudak, Baris Cinar"]
[Result "1-0"]
[WhiteTitle "GM"]
[BlackTitle "CM"]
[WhiteElo "2514"]
[BlackElo "2072"]
[WhiteFideId "4108566"]
[BlackFideId "26351633"]
[EventDate "2025.06.17"]

1. e4 c5 2. Nf3 d6 3. d4 cxd4 4. Nxd4 Nf6 5. Nc3 a6 6. Nb3 e5 7. Bg5 Be7 8. a4
Be6 9. Nd2 O-O 10. Bxf6 Bxf6 11. Bc4 Nc6 12. Nd5 Rc8 13. c3 Bg5 14. Nf3 Bh6 15.
O-O Ne7 16. Qb3 Nxd5 17. Bxd5 Bxd5 18. Qxd5 Qe7 19. Rfd1 Rfd8 20. Rd3 Rc5 21.
Qb3 g6 22. Rad1 Bf8 23. g3 Qc7 24. h4 Be7 25. Nd2 b5 26. axb5 axb5 27. Nf1 Qc6
28. Rd5 Rxd5 29. Rxd5 Rb8 30. Ne3 Bf8 31. h5 Kg7 32. Qd1 b4 33. c4 Ra8 34. Kg2
Ra2 35. b3 Qa8 36. Qf3 Rb2 37. c5 dxc5 38. Nc4 Rc2 39. Nxe5 Qe8 40. Rd7 Be7 41.
h6+ Kg8 42. Qd1 c4 43. Qxc2 c3 44. Qd3 Bf6 45. Ng4 Be7 46. Qd4 Qf8 47. Rxe7 1-0

[Event "Titled Tue 17th Jun Late"]
[Site "chess.com INT"]
[Date "2025.06.17"]
[Round "1"]
[White "Lira, Suan Bruno Fernandes"]
[Black "Zhang, Eric"]
[Result "0-1"]
[WhiteElo "2163"]
[BlackElo "2275"]
[WhiteFideId "22794620"]
[BlackFideId "30907667"]
[EventDate "2025.06.17"]

1. e4 a6 2. d4 b5 3. a4 Bb7 4. Nd2 b4 5. Bd3 e6 6. Ngf3 c5 7. O-O Nf6 8. Qe2
cxd4 9. Nxd4 d6 10. a5 Be7 11. N2b3 O-O 12. Rd1 Nbd7 13. Bd2 Nc5 14. Bxb4 Nfxe4
15. Bxc5 Nxc5 16. Nxc5 dxc5 17. Nf3 Qc7 18. Be4 Bf6 19. c3 Rab8 20. Bxb7 Qxb7
21. Rd2 Qc6 22. Rad1 Rb5 23. Rd6 Qb7 24. R1d2 Rxa5 25. g3 h6 26. Kg2 Rb5 27. h4
Rb8 28. Rd7 Qc8 29. Ne5 Bxe5 30. Qxe5 Rxb2 31. Rc7 Rxd2 32. Rxc8+ Rxc8 33. Qxc5
Rxc5 0-1

[Event "Titled Tue 17th Jun Late"]
[Site "chess.com INT"]
[Date "2025.06.17"]
[Round "1"]
[White "Willim, Michael"]
[Black "Estrada Nieto, Julian"]
[Result "1-0"]
[WhiteTitle "CM"]
[BlackTitle "IM"]
[WhiteElo "2024"]
[BlackElo "2181"]
[WhiteFideId "4632435"]
[BlackFideId "5101018"]
[EventDate "2025.06.17"]

1. c4 e5 2. Nc3 Nf6 3. Nf3 Nc6 4. g3 Bb4 5. Nd5 a5 6. Bg2 h6 7. O-O O-O 8. d4
exd4 9. Nxd4 Bc5 10. Nb5 Nxd5 11. cxd5 Ne5 12. Bf4 d6 13. Rc1 Bb6 14. Qc2 Bd7
15. Bxe5 Bxb5 16. Bc3 Re8 17. Rfe1 a4 18. e3 Qd7 19. Qd2 Qf5 20. Bd4 Ba5 21. Bc3
Bb6 22. Bd4 Bxd4 23. Qxd4 Rac8 24. Rc3 Qd7 25. Rec1 c5 26. dxc6 Bxc6 27. Bxc6
bxc6 28. Qxa4 Qb7 29. Rxc6 Qxb2 30. Rxc8 Rxc8 31. Rxc8+ Kh7 32. Qe4+ g6 33. Qd4
Qb1+ 34. Kg2 Qb7+ 35. e4 Qxc8 36. Qxd6 Qc4 37. Qd5 Qc7 38. a4 Kg8 39. a5 Qa7 40.
h4 h5 41. Qb5 Qa8 42. Kf3 f5 43. Qd5+ Qxd5 44. exd5 Kf7 45. a6 1-0

[Event "Titled Tue 17th Jun Late"]
[Site "chess.com INT"]
[Date "2025.06.17"]
[Round "1"]
[White "Gattani, Sarthak"]
[Black "Cori Quispe, Kevin Joel"]
[Result "0-1"]
[BlackTitle "GM"]
[WhiteElo "1944"]
[BlackElo "2464"]
[WhiteFideId "30995965"]
[BlackFideId "3814017"]
[EventDate "2025.06.17"]

1. d4 Nf6 2. c4 c5 3. d5 b5 4. cxb5 a6 5. b6 g6 6. Nc3 d6 7. e4 Bg7 8. Nf3 O-O
9. Bd3 Nbd7 10. a4 Qxb6 11. a5 Qc7 12. O-O c4 13. Bc2 Nc5 14. Nd4 Bd7 15. f3
Rfb8 16. Ra2 e5 17. dxe6 fxe6 18. Be3 e5 19. Nde2 Be6 20. Qd2 Nd3 21. Bb6 Rxb6
22. axb6 Qxb6+ 23. Kh1 Nh5 24. Nc1 Bh6 25. Qxh6 Nf2+ 26. Rxf2 Qxf2 27. N1e2 Nf4
28. Qxf4 exf4 29. Ra1 g5 30. Rc1 Rb8 31. Rb1 g4 32. Nxf4 Qxc2 33. Nxe6 Rxb2 34.
Rg1 Qxc3 35. fxg4 Qe5 36. Nc7 Qxe4 37. Nxa6 c3 0-1

[Event "Titled Tue 17th Jun Late"]
[Site "chess.com INT"]
[Date "2025.06.17"]
[Round "1"]
[White "Rasch, Holger"]
[Black "Nurgaliyeva, Zarina"]
[Result "0-1"]
[WhiteTitle "FM"]
[BlackTitle "WFM"]
[WhiteElo "2246"]
[BlackElo "2252"]
[WhiteFideId "4615670"]
[BlackFideId "13730096"]
[EventDate "2025.06.17"]

1. e4 e5 2. f4 d5 3. exd5 exf4 4. Nf3 Nf6 5. Nc3 Nxd5 6. Bc4 Be6 7. Qe2 Be7 8.
d4 Nc6 9. Bxd5 Bxd5 10. Bxf4 O-O 11. O-O-O Bf6 12. Ne5 Re8 13. Nxc6 Bxc6 14. Qf2
Rc8 15. d5 Bd7 16. Qc5 b6 17. Qc4 Qe7 18. Kb1 Bg4 19. Rd2 Qe1+ 20. Rxe1 Rxe1+
21. Nd1 Bxd1 22. Bg3 Be2+ 0-1

[Event "Titled Tue 17th Jun Late"]
[Site "chess.com INT"]
[Date "2025.06.17"]
[Round "1"]
[White "Soto Vega, Jorge"]
[Black "Gustafsson, Jan"]
[Result "1-0"]
[WhiteTitle "FM"]
[BlackTitle "GM"]
[WhiteElo "2353"]
[BlackElo "2591"]
[WhiteFideId "3800580"]
[BlackFideId "4625498"]
[EventDate "2025.06.17"]

1. e4 e5 2. Nf3 Nc6 3. Bc4 Nf6 4. Ng5 d5 5. exd5 Na5 6. Bb5+ Bd7 7. Qe2 Be7 8.
Nc3 O-O 9. Nf3 e4 10. Nd4 Bg4 11. Qe3 Bc5 12. O-O c6 13. Nxc6 Qb6 14. Qxc5 Qxc5
15. b4 bxc6 16. bxc5 cxb5 17. Rb1 Rab8 18. c6 b4 19. c7 Rb7 20. Nxe4 Nxe4 21. f3
Nd6 22. fxg4 Rxc7 23. Rxb4 Rxc2 24. Ra4 Nac4 25. d3 Nb6 26. Rxa7 Re8 27. Bf4
Ndc8 28. Ra5 Ree2 29. d6 Rxg2+ 30. Kh1 Rgf2 31. Rxf2 Rxf2 32. Rc5 Rxf4 33. Rxc8+
Nxc8 34. d7 1-0

[Event "Titled Tue 17th Jun Late"]
[Site "chess.com INT"]
[Date "2025.06.17"]
[Round "1"]
[White "Rasulov, Vugar"]
[Black "Zeliantsova, Kseniya"]
[Result "1-0"]
[WhiteTitle "GM"]
[BlackTitle "WFM"]
[WhiteElo "2483"]
[BlackElo "2062"]
[WhiteFideId "13402390"]
[BlackFideId "13512617"]
[EventDate "2025.06.17"]

1. e4 d6 2. d4 Nf6 3. Nc3 g6 4. f4 Bg7 5. Nf3 O-O 6. e5 dxe5 7. fxe5 Nd5 8. Bc4
c6 9. O-O Bg4 10. Bb3 Na6 11. h3 Bxf3 12. Qxf3 Nac7 13. Ne4 Ne6 14. c3 a5 15.
Bc2 f6 16. exf6 exf6 17. a4 Qd7 18. Bb3 Kh8 19. Bd2 Rae8 20. Rae1 f5 21. Nf2 Nf6
22. Re2 Nc7 23. Rfe1 Ncd5 24. Re5 Ne4 25. Rxe8 Nxd2 26. Rxf8+ Bxf8 27. Qd1 Nxb3
28. Qxb3 Bh6 29. c4 Nf4 30. Qc3 Bg7 31. Qe3 Bh6 32. Qe5+ Kg8 33. g3 Nh5 34. g4
Ng7 35. d5 cxd5 36. Qxd5+ Qxd5 37. cxd5 Bd2 38. Re7 Bb4 39. Rxb7 Ne8 40. gxf5
gxf5 41. Nd3 Bd6 42. Rb5 Bc7 43. Kg2 Kf7 44. Kf3 Ke7 45. b4 Nd6 46. Rc5 Kd7 47.
bxa5 Nb7 48. a6 Nxc5 49. Nxc5+ Kc8 50. a7 1-0

[Event "Titled Tue 17th Jun Late"]
[Site "chess.com INT"]
[Date "2025.06.17"]
[Round "1"]
[White "Bogdanov, Egor"]
[Black "Sharankov, Grigory"]
[Result "1-0"]
[WhiteTitle "GM"]
[BlackTitle "CM"]
[WhiteElo "2515"]
[BlackElo "2238"]
[WhiteFideId "14119137"]
[BlackFideId "4168356"]
[EventDate "2025.06.17"]

1. e4 e6 2. d4 d5 3. exd5 exd5 4. c4 Bb4+ 5. Nc3 Ne7 6. Nf3 Nbc6 7. Bd3 dxc4 8.
Bxc4 O-O 9. h3 Nd5 10. O-O Nxc3 11. bxc3 Bxc3 12. Rb1 Bxd4 13. Ba3 Re8 14. Qb3
Qf6 15. Rbe1 Bf5 16. Qxb7 Bb6 17. Bb5 Na5 18. Qa6 Re6 19. Rxe6 Bxe6 20. Bb4 Bc8
21. Qxa5 Bxa5 22. Bxa5 Bxh3 23. Rc1 Qg6 24. Bf1 Bg4 25. Ne5 Qg5 26. Rc5 Re8 27.
Bxc7 h5 28. Bd6 Qf6 29. Rd5 Rd8 30. Be7 Qxe7 31. Nc6 Rxd5 32. Nxe7+ 1-0

[Event "Titled Tue 17th Jun Late"]
[Site "chess.com INT"]
[Date "2025.06.17"]
[Round "1"]
[White "Niemann, Hans Moke"]
[Black "Kodihalli, Kaustubh"]
[Result "1-0"]
[WhiteTitle "GM"]
[WhiteElo "2736"]
[BlackElo "2038"]
[WhiteFideId "2093596"]
[BlackFideId "30956455"]
[EventDate "2025.06.17"]

1. e4 c5 2. Nf3 Nc6 3. Bb5 g6 4. Bxc6 dxc6 5. d3 Bg7 6. h3 Nf6 7. Nc3 O-O 8. Be3
c4 9. d4 Qa5 10. O-O b5 11. a3 Qc7 12. Qd2 Rd8 13. Bf4 Qb6 14. Bh6 Bh8 15. Qg5
Be6 16. Qh4 Rxd4 17. Nxd4 Qxd4 18. Rad1 Qe5 19. f4 Qc5+ 20. Kh1 Qh5 21. Bg5 Qxh4
22. Bxh4 a5 23. e5 Nd5 24. Nxd5 Bxd5 25. Bxe7 h5 26. Kh2 Bg7 27. Kg3 Re8 28. Bd6
Re6 29. Rfe1 Bh6 30. h4 f6 31. Bc5 fxe5 32. Rxe5 Rf6 33. Rf1 Rf7 34. Re8+ Kh7
35. Bd4 Bg7 36. Bxg7 Kxg7 37. Rfe1 Kf6 38. R1e5 Rd7 39. Rc8 b4 40. axb4 axb4 41.
c3 bxc3 42. bxc3 Rb7 43. Rce8 Rb3 44. Re3 Bf7 45. Rf8 Kg7 46. Rc8 Bd5 47. f5
gxf5 48. Kf4 Bxg2 49. Rg3+ Kf7 50. Rxg2 Rxc3 51. Re2 Rc1 52. Rc7+ Kf6 53. Rxc6+
Kf7 54. Ra2 Rf1+ 55. Kg5 Ke7 56. Ra7+ Kd8 57. Rh6 Rg1+ 58. Kxf5 Rf1+ 59. Ke5
Re1+ 60. Kd5 Rc1 61. Rh8# 1-0

[Event "Titled Tue 17th Jun Late"]
[Site "chess.com INT"]
[Date "2025.06.17"]
[Round "1"]
[White "Danzer, George"]
[Black "Bulgak, Damir"]
[Result "0-1"]
[WhiteTitle "CM"]
[BlackTitle "CM"]
[WhiteElo "2172"]
[BlackElo "2213"]
[WhiteFideId "4659465"]
[BlackFideId "13528882"]
[EventDate "2025.06.17"]

1. e4 c5 2. Nf3 Nc6 3. d4 cxd4 4. Nxd4 Nf6 5. Nc3 e5 6. Ndb5 d6 7. Nd5 Nxd5 8.
exd5 Nb8 9. c4 Be7 10. Be2 O-O 11. O-O Nd7 12. Be3 a6 13. Nc3 f5 14. f3 b6 15.
Rb1 Bg5 16. Bf2 Bh4 17. g3 Bg5 18. b4 Qf6 19. Na4 Rb8 20. c5 b5 21. Nc3 Qh6 22.
Qd3 e4 23. fxe4 f4 24. cxd6 f3 25. Bd1 Ne5 26. Qd4 Ng4 27. h4 Nxf2 28. Rxf2 Be3
29. Qd3 Bxf2+ 30. Kxf2 Qxd6 31. Bb3 Kh8 32. Re1 Bh3 33. e5 Qb6+ 34. Qe3 Qg6 35.
e6 Rfd8 36. d6 Rxd6 37. e7 Re8 38. Nd5 Rxd5 39. Bxd5 Qc2+ 40. Kxf3 Qg2+ 41. Kf4
Qxd5 0-1

[Event "Titled Tue 17th Jun Late"]
[Site "chess.com INT"]
[Date "2025.06.17"]
[Round "1"]
[White "Grave, Jacob Templen"]
[Black "Sadykov, Ramil"]
[Result "0-1"]
[WhiteTitle "FM"]
[BlackTitle "FM"]
[WhiteElo "2350"]
[BlackElo "2264"]
[WhiteFideId "1542656"]
[BlackFideId "24113590"]
[EventDate "2025.06.17"]

1. d4 Nf6 2. Nf3 e6 3. c4 d5 4. g3 dxc4 5. Bg2 Bb4+ 6. Bd2 c5 7. Bxb4 cxb4 8. a3
Nd5 9. Ne5 O-O 10. e4 Nb6 11. axb4 f6 12. Nf3 Nc6 13. b5 Nb4 14. O-O Bd7 15. Nc3
Qe8 16. d5 e5 17. b3 Bxb5 18. Nxb5 Qxb5 19. bxc4 Qxc4 20. Nd2 Qd3 21. Nb3 Qxd1
22. Rfxd1 Nc4 23. Nc5 Nd6 24. Rdb1 a5 25. Nb3 b6 26. Bh3 Kf7 27. f3 Ke7 28. Rc1
Ra7 29. Rc3 Rb8 30. Nd2 b5 31. Rb3 Nc2 32. Rc1 Nd4 33. Re3 a4 34. Kf2 a3 35. Nb3
a2 36. Ra1 Nc2 37. Rc3 Nxa1 38. Nxa1 b4 39. Rb3 Ra3 40. Rb2 b3 41. Bf1 Rc8 42.
Bd3 Rc1 43. Nxb3 Rxb3 0-1

[Event "Titled Tue 17th Jun Late"]
[Site "chess.com INT"]
[Date "2025.06.17"]
[Round "1"]
[White "Moroni, Luca Jr"]
[Black "Rodriguez, Santiago"]
[Result "1-0"]
[WhiteTitle "GM"]
[BlackTitle "CM"]
[WhiteElo "2549"]
[BlackElo "2252"]
[WhiteFideId "865834"]
[BlackFideId "3000591"]
[EventDate "2025.06.17"]

1. d4 Nf6 2. Bf4 d5 3. e3 e6 4. Nf3 Bd6 5. Nbd2 c5 6. dxc5 Bxc5 7. Bd3 O-O 8.
O-O Nc6 9. e4 h6 10. h3 Re8 11. Qe2 e5 12. Bh2 Nd4 13. Nxd4 Bxd4 14. c3 Bb6 15.
Rad1 d4 16. Nc4 dxc3 17. Nxe5 Be6 18. Bb5 Qe7 19. Bxe8 Rxe8 20. bxc3 Rc8 21. c4
Qa3 22. Rd3 Qa4 23. Rfd1 Bc7 24. Ng4 Bxh2+ 25. Kxh2 Nxg4+ 26. hxg4 Bxc4 27. Rd8+
Kh7 28. Qf3 Rxd8 29. Rxd8 Be6 30. g5 Qa5 31. g6+ Kxg6 32. Rd5 Qc7+ 33. g3 Kh7
34. Rd2 Qc4 35. Qd3 Qxd3 36. Rxd3 Bxa2 37. Rd7 Bb1 38. f3 f5 39. Rxb7 Bd3 40. e5
a6 41. Kg2 Kg6 42. Kf2 h5 43. Ke3 Bc4 44. Kd4 Bb5 45. f4 h4 46. gxh4 Be2 47. Kc5
Bb5 48. Kd6 1-0